<?xml version="1.0" encoding="UTF-8"?>
<collection xmlns="http://www.loc.gov/MARC21/slim">
 <record>
  <leader>00564pamaa2200169   4500</leader>
  <controlfield tag="001">0000020155</controlfield>
  <controlfield tag="005">20060616090000.0</controlfield>
  <datafield tag="020" ind1="0" ind2="0">
   <subfield code="a">273602071 </subfield>
  </datafield>
  <datafield tag="082" ind1=" " ind2=" ">
   <subfield code="a">382 FLE</subfield>
  </datafield>
  <datafield tag="090" ind1="0" ind2="0">
   <subfield code="a">HF1379 </subfield>
   <subfield code="b">FLE 1993</subfield>
  </datafield>
  <datafield tag="100" ind1="1" ind2="0">
   <subfield code="a">FLEMING </subfield>
  </datafield>
  <datafield tag="245" ind1="1" ind2="0">
   <subfield code="a">International trade and finance : </subfield>
   <subfield code="b">a distance learning programme  </subfield>
   <subfield code="c">Hugh Fleming and Andrew Scott.</subfield>
  </datafield>
  <datafield tag="260" ind1="0" ind2="0">
   <subfield code="a">London: </subfield>
   <subfield code="b">Financial Times/Edinburgh Business School, Heriot-Watt University, </subfield>
   <subfield code="c">c1993.</subfield>
  </datafield>
  <datafield tag="300" ind1=" " ind2=" ">
   <subfield code="a">vi, app250p.(2cm thick); </subfield>
   <subfield code="c">25cm.</subfield>
  </datafield>
  <datafield tag="650" ind1="0" ind2="0">
   <subfield code="a">International trade </subfield>
  </datafield>
  <datafield tag="650" ind1="0" ind2="0">
   <subfield code="a">International finance </subfield>
  </datafield>
  <datafield tag="700" ind1="1" ind2="1">
   <subfield code="a">SCOTT, </subfield>
   <subfield code="h">Andrew </subfield>
  </datafield>
 </record>
</collection>
